Personaggi di Harry Potter (Molto difficile) - Statistics

Statistiche generali
  • Questo quiz è stato fatto 1.501 volte
  • Il punteggio medio è 87 su 183
Statistiche sulle risposte
Cognome nome % Corretto
Potter Harry
99%
Potter (2ᵃ Gen.) James Sirius
98%
Potter (2ᵃGen.) Lily Luna
97%
Weasley Ron
97%
Granger Hermione
96%
Potter James
96%
Potter Lily
95%
Paciock Neville
95%
Potter (2ᵃ Gen.) Albus Severus
94%
Weasley Fred
94%
Weasley (2ᵃ Gen.) Fred II
94%
Weasley George
94%
Weasley Ginny
94%
Lovegood Luna
94%
Black Sirius
93%
Silente Albus
92%
Malfoy Draco
92%
Piton Severus
91%
Lestrange Bellatrix
90%
Malfoy Lucius
88%
Minus Peter
87%
Weasley | Weasley (2ᵃ Gen.) Molly
86%
Weasley Arthur
85%
Diggory Cedric
85%
Umbridge Dolores
84%
Weasley Percy
84%
Weasley Bill
82%
Dursley Dudley
81%
Dursley Petunia
81%
Hagrid Rubeus
81%
Serpeverde Salazar
80%
Dursley Vernon
80%
Chang Cho
79%
Grifondoro Godric
79%
McGranitt Minerva
79%
Riddle Tom
79%
Delacour Fleur
78%
Malfoy Narcissa
78%
Quasi-Senza-Testa Nicholas
78%
Skeeter Rita
77%
Weasley Charlie
76%
Lupin Remus
76%
Krum Viktor
75%
Moody Alastor
73%
Crouch Barty Jr.
71%
Crouch Barty Sr.
71%
Baston Oliver
68%
Tassorosso Tosca
68%
Corvonero Priscilla
67%
Cattermole Reginald
67%
Tonks Ninfadora
66%
Lumacorno Horace
65%
Black Regulus
65%
Caramell Cornelius
64%
Lovegood Xenophilius
64%
Abbott Hannah
63%
Finnigan Seamus
63%
Silente Ariana
62%
Silente Aberforth
61%
Allock Gilderoy
61%
Scamander Newt
61%
Karkaroff Igor
60%
Dursley Marge
60%
Cooman Sibilla
57%
Paciock Alice
55%
Patil Calì
54%
Canon Colin
54%
Bryce | Paciock Frank
54%
Gazza Argus
53%
Thomas Dean
53%
Corvonero Helena
53%
Brown Lavanda
53%
Patil Padma
53%
Tonks Ted
53%
Chips Poppy
52%
Bath Bathilda
51%
Bell Katie
51%
Diggory Amos
50%
Jordan Lee
49%
Malfoy (2ᵃ Gen.) Scorpius
49%
Bagman Ludovic
48%
Gaunt Orvoloson
48%
Bumb Rolanda
48%
Parkinson Pansy
47%
Johnson Angelina
45%
Zabini Blaise
44%
Goyle Gregory
44%
Lupin Teddy
44%
Vitious Filius
43%
Sprite Pomona
43%
Weasley (2ᵃ Gen.) Rose
43%
Bulstrode Millicent
42%
Tiger Vincent
42%
Tonks Andromeda
41%
Peverell Ignotus
41%
Grindelwald Gellert
40%
Silente Percival
40%
McLaggen Cormac
39%
Greyback Fenrir
39%
Shacklebolt Kingsley
39%
Hossas Susan
39%
Delacour Gabrielle
38%
Dippet Armando
37%
Paciock Augusta
37%
Doge Elphias
36%
Spinnet Alicia
35%
Gaunt Merope
35%
Lestrange Rodolphus
35%
Scrimgeour Rufus
35%
Weasley (2ᵃ Gen.) Hugo
34%
Raptor Quirinus
34%
Carrow Alecto
33%
MacMillan Ernie
33%
Finch-Fletchley Justin
33%
Belby | Flitt Marcus
33%
Silente Kendra
32%
Fletcher Mundungus
32%
Maxime Olympe
30%
Black Phineas Nigellus
30%
Vane Romilda
30%
Corner Michael
29%
Figg Arabella
28%
Carrow Amycus
27%
Hopkirk Mafalda
27%
Edgecomb Marietta
27%
Burbage Charity
26%
Olivander Garrick
26%
Light Penelope
26%
Canon Dennis
25%
Cattermole Mary
25%
Gaunt Orfin
25%
Dolohov Antonin
24%
Lux Dedalus
24%
Dawlish John
24%
Davies Roger
24%
Weasley (2ᵃ Gen.) Victoire
24%
Goldstein Anthony
22%
Rookwood Augustus
22%
Jorkins Bertha
22%
Boot Terry
22%
Ogden Bob
21%
Peverell Cadmus
21%
Rosier Evan
21%
O'Tusoe Pius
21%
Sinistra Aurora
20%
Weasley (2ᵃ Gen.) Louis
20%
Lestrange Rabastan
20%
Peverell Antioch
19%
Prewett Fabian
19%
Smith Zacharias
19%
Hossas Amelia
18%
Weasley (2ᵃ Gen.) Dominique
18%
Weasley (2ᵃ Gen.) Lucy
18%
Bode Broderick
17%
Weasley (2ᵃ Gen.) Roxanne
17%
Runcorn Albert
16%
Podmore Sturgis
16%
Prince Eileen
15%
Prewett Gideon
15%
Rüf Cuthbert
14%
Sloper Jack
14%
Warbeck Celestina
13%
Vance Emmeline
13%
Jones Hestia
13%
Polkiss Piers
13%
Vector Septima
13%
Shunpike Stanley
13%
Caporal Wilhelmina
13%
Smith Hepzibah
12%
Cresswell Dirk
11%
Jones Gwenog
11%
Gregorovitch Mykew
11%
Macnair Walden
11%
Kirke Andrew
10%
Peakes Jimmy
9%
Robins Demelza
7%
Coote Ritchie
7%
Marchbanks Griselda
6%
Twycross Wilkie
4%
Rowle Thorfinn
3%
Nessun quiz corrispondente trovato
Distribuzione punteggi
Percentuale di utenti per punteggio
Percentile per numero di risposta
I tuoi punteggi nel tempo
Non hai fatto questo quiz